Catalog

Record Details

Catalog Search



Paradise Valley : Highway Quartet  Cover Image CD Audiobook CD Audiobook

Paradise Valley : Highway Quartet / C. J. Box.

Box, C. J., : (author.). Delaine, Christina, (narrator.).

Summary:

For three years, Investigator Cassie Dewell has been on a hunt for a serial killer known as The Lizard King. He works as a long haul trucker. His prey are the "lot lizard" prostitutes who frequent truck stops. Working for the Bakken County, North Dakota, sheriff's department, Cassie has set what she believes is the perfect trap and she has lured him and his truck to a depot. Standing by ready to close the net are half a dozen undercover officers, including Cassie's fiancé, Ian. But the plan goes horribly wrong and the blame falls to Cassie. Disgraced, she loses her job and an investigation into her role is put into motion. At the same time, Kyle Westergaard, a troubled kid whom Cassie has taken under her wing, has disappeared, telling everyone he is going on a long-planned adventure. Kyle's grandmother begs Cassie to find him and she agrees -- all the while planning a new trap for The Lizard King. But Cassie is now a lone wolf. And in the same way that two streams converge into a river, Kyle's disappearance may have a more sinister meaning than anyone realizes. With no allies, no support, and only her own wits to rely on, Cassie must take down a killer who is as ruthless as he is cunning. But can she do it alone, without losing her own humanity or her own life?

Record details

  • ISBN: 9781427285775
  • ISBN: 1427285772
  • Physical Description: 8 audio discs (10 hr.) : CD audio, digital ; 4 3/4 in.
  • Edition: Unabridged.
  • Publisher: New York, NY : Macmillan Audio, ℗2017.
  • Distributor: Prince Frederick, MD : Recorded Books, [2017]

Content descriptions

General Note:
Compact discs.
Participant or Performer Note:
Read by Christina Delaine.
Subject: Dewell, Cassie (Fictitious character) > Fiction.
Policewomen > Fiction.
Ex-police officers > Fiction.
Serial murderers > Fiction.
Missing persons > Investigation > Fiction.
Prostitutes > Crimes against > Fiction.
Truck drivers > Fiction.
North Dakota > Fiction.
Genre: Suspense fiction.
Detective and mystery fiction.
Audiobooks.
Thrillers (Fiction)

Available copies

  • 1 of 1 copy available at scottsboropl.

Holds

  • 0 current holds with 1 total copy.
Show Only Available Copies
Location Call Number / Copy Notes Barcode Shelving Location Status Due Date
scottsboropl BK/CD Box 32269001053753 Adult - Audiobook Available -

LDR 03255nim a2200589Ii 4500
001146445
003SBPL
00520220719205503.0
007sd fsngnnmmned
008170125t20172017nyunnnne f n eng d
020 . ‡a9781427285775
020 . ‡a1427285772
0243 . ‡a9781427285775
02802. ‡aDD31653 ‡bRecorded Books
035 . ‡a(CONS)146445
035 . ‡a(CPomAG)LMN605206
043 . ‡an-us-nd
050 4. ‡aPS3552.O87658 ‡bP37 2017ab
08204. ‡a813/.54 ‡223
1001 . ‡aBox, C. J., : ‡eauthor.
24510. ‡aParadise Valley : ‡bHighway Quartet / ‡cC. J. Box.
250 . ‡aUnabridged.
264 1. ‡aNew York, NY : ‡bMacmillan Audio, ‡c℗2017.
264 2. ‡aPrince Frederick, MD : ‡bRecorded Books, ‡c[2017]
300 . ‡a8 audio discs (10 hr.) : ‡bCD audio, digital ; ‡c4 3/4 in.
306 . ‡a100000
336 . ‡aspoken word ‡bspw ‡2rdacontent
337 . ‡aaudio ‡bs ‡2rdamedia
338 . ‡aaudio disc ‡bsd ‡2rdacarrier
340 . ‡b4 3/4 in.
344 . ‡adigital ‡boptical ‡2rda
347 . ‡aaudio file ‡bCD audio ‡2rda
4901 . ‡aHighway Quartet : ‡vBk 3.
500 . ‡aCompact discs.
5110 . ‡aRead by Christina Delaine.
520 . ‡aFor three years, Investigator Cassie Dewell has been on a hunt for a serial killer known as The Lizard King. He works as a long haul trucker. His prey are the "lot lizard" prostitutes who frequent truck stops. Working for the Bakken County, North Dakota, sheriff's department, Cassie has set what she believes is the perfect trap and she has lured him and his truck to a depot. Standing by ready to close the net are half a dozen undercover officers, including Cassie's fiancé, Ian. But the plan goes horribly wrong and the blame falls to Cassie. Disgraced, she loses her job and an investigation into her role is put into motion. At the same time, Kyle Westergaard, a troubled kid whom Cassie has taken under her wing, has disappeared, telling everyone he is going on a long-planned adventure. Kyle's grandmother begs Cassie to find him and she agrees -- all the while planning a new trap for The Lizard King. But Cassie is now a lone wolf. And in the same way that two streams converge into a river, Kyle's disappearance may have a more sinister meaning than anyone realizes. With no allies, no support, and only her own wits to rely on, Cassie must take down a killer who is as ruthless as he is cunning. But can she do it alone, without losing her own humanity or her own life?
60010. ‡aDewell, Cassie ‡c(Fictitious character) ‡vFiction.
650 0. ‡aPolicewomen ‡vFiction.
650 0. ‡aEx-police officers ‡vFiction.
650 0. ‡aSerial murderers ‡vFiction.
650 0. ‡aMissing persons ‡xInvestigation ‡vFiction.
650 0. ‡aProstitutes ‡xCrimes against ‡vFiction.
650 0. ‡aTruck drivers ‡vFiction.
651 0. ‡aNorth Dakota ‡vFiction.
655 7. ‡aSuspense fiction. ‡2gsafd
655 7. ‡aDetective and mystery fiction. ‡2lcgft
655 7. ‡aAudiobooks. ‡2lcgft
655 7. ‡aThrillers (Fiction) ‡2lcgft
7001 . ‡aDelaine, Christina, ‡enarrator.
830 0. ‡aBox, C. J. ‡b Highway Quartet : ‡bvBk 3.
901 . ‡a146445 ‡bUnknown ‡c146445 ‡tbiblio

Additional Resources